000 00396nam a2200157Ia 4500
008 230312s9999||||xx |||||||||||||| ||und||
020 _a0-07-024767-6
082 _a301
_bGEL-S
100 _aGelles Richard , J.
245 0 _aSociology
260 _bMcGraw Hill
_aBoston
_c1999
300 _a710
546 _aEng.
650 _aEconomics
_vIntroducing Sociology , Social Inequality
942 _cBK
999 _c2778
_d2778